Závěrečné slovo k diskusi o relativních větách

Bibliographic Details
Main Author: Bauer, Jaroslav (Author)
Format: Article
Language:Czech

MARC

LEADER 00000nab a2200000ua 4500
001 vtls010777604
003 SK-MaSNL
005 20260303151927.0
008 230222s1967 xo |||||||||||||||||cze|
035 |a (urnnbn)urn:nbn:sk:snk:ar-a02clq 
035 |a (uuid)1a91a27f-6455-495f-8ce3-b2aab2fc4fff 
035 |a urn:nbn:sk:snk-ab4kbf 
040 |a SNKBUCL  |b slo  |c SNKBUCL  |e AACR2 
041 0 |a cze 
044 |a xo  |c SK 
100 1 |a Bauer, Jaroslav  |4 aut  |9 278703 
245 1 0 |a Závěrečné slovo k diskusi o relativních větách  |c Jaroslav Bauer 
773 0 |t Slavica Slovaca : časopis pre slovanskú filológiu : orgán Slovenského výboru slavistov  |g Roč. 2, č. 4 (1967), s. 348-350 
958 |a OND 
958 |a EUIPO 
958 |a article3 
999 |c 2020708  |d 2022638